El cartero

Mario (Massimo Troisi) es un hombre sencillo que acepta un empleo de cartero. Su trabajo consiste en llevar el correo a un único destinatario, el poeta chileno Pablo Neruda (Philippe Noiret), que vive exiliado en un pequeño pueblo italiano. Mario se siente fascinado por la figura de Neruda, y entre...

Descripción completa

Guardado en:
Autor Principal: Radford, Michael.
Autor Corporativo: Cecchi Gori Group.
Otros Autores: Noiret, Philippe; Reparto., Troisi, Massimo; Reparto., Cucinotta, Maria Grazia; Reparto.
Formato: Deslizar
Idioma:Undetermined
Publicado: Italia : Miramax, 1994.
Materias:
Etiquetas: Agregar Etiqueta
Sin Etiquetas, Sea el primero en etiquetar este registro!
LEADER 01220ngm a22002415a 4500
001 CEM.cems020459
008 230918s1994####xx#---############vlund#d
005 20230918185337.0
245 1 0 |a El cartero  |h [videograbación] /  |c Michael Radford. 
260 |a Italia :  |b Miramax,  |c 1994. 
300 |a 114'. 
520 |a Mario (Massimo Troisi) es un hombre sencillo que acepta un empleo de cartero. Su trabajo consiste en llevar el correo a un único destinatario, el poeta chileno Pablo Neruda (Philippe Noiret), que vive exiliado en un pequeño pueblo italiano. Mario se siente fascinado por la figura de Neruda, y entre los dos hombres irá creciendo una gran amistad. 
590 |a Identificación anterior: 160 
538 |a Soporte: DVD -- Formato: AVI – Peso: 994mb -- Resolución: 512 x 304 -- 25 fps 
500 |a Título original: Il postino – Idioma: Italiano – Subtítulos: Castellano. 
100 1 |a Radford, Michael. 
700 1 |a Noiret, Philippe; Reparto. 
700 1 |a Troisi, Massimo; Reparto. 
700 1 |a Cucinotta, Maria Grazia; Reparto. 
710 2 |a Cecchi Gori Group. 
653 |a LARGOMETRAJE 
653 |a FICCIÓN 
859 |a CEMS  |b BIB. CEMS - Depto. Recursos Didacticos  |h 778.5  |i RAD-1  |k DRD  |p 3114.23  |t Ej.1